Бетатрон на энергию 10 МэБ с электронным пучком для лучевой терапии; Известия Томского политехнического университета [Известия ТПУ]; Неразрушающий контроль и диагностика

Библиографические подробности
Источник:Томский политехнический университет. Известия Томского политехнического университета [Известия ТПУ]/ Томский политехнический университет (ТПУ).— .— Томск: Изд-во ТПУ, 1998-2015.— 1684-8519
Неразрушающий контроль и диагностика.— 2008.— [С. 358-360]
Другие авторы: Чахлов В. Л. Владимир Лукьянович, Филимонов А. А. Анатолий Алексеевич, Штейн М. М. Михаил Михайлович, Сорокин В. Б. Владимир Борисович, Лисин В. А. Валерий Андреевич, Мусабаева Л. И., Жогина Ж. А.
Примечания:Заглавие с титульного листа
Электронная версия печатной публикации
Язык:русский
Опубликовано: 2008
Серии:Радиационная медицина, диагностирование
Предметы:
Online-ссылка:http://www.lib.tpu.ru/fulltext/v/Bulletin_TPU/2008/v312/i2app/70.pdf
Формат: Электронный ресурс Статья
Запись в KOHA:https://koha.lib.tpu.ru/cgi-bin/koha/opac-detail.pl?biblionumber=173110

MARC

LEADER 00000naa2a2200000 4500
001 173110
005 20240613140825.0
035 |a (RuTPU)RU\TPU\book\187767 
035 |a RU\TPU\book\187766 
090 |a 173110 
100 |a 20091218d2008 k y0rusy50 ca 
101 0 |a rus 
102 |a RU 
135 |a drnn ---uucaa 
181 0 |a i  
182 0 |a b 
200 1 |a Бетатрон на энергию 10 МэБ с электронным пучком для лучевой терапии  |f В. Л. Чахлов [и др.] 
203 |a Текст  |c электронный 
215 |a 1 файл (3.8 Мб) 
225 1 |a Радиационная медицина, диагностирование 
300 |a Заглавие с титульного листа 
300 |a Электронная версия печатной публикации 
320 |a [Библиогр.: с. 360 (5 назв.)] 
337 |a Adobe Reader 
461 1 |0 162495  |t Известия Томского политехнического университета [Известия ТПУ]  |f Томский политехнический университет (ТПУ)  |d 1998-2015  |9 162495  |a Томский политехнический университет  |c Томск  |n Изд-во ТПУ  |x 1684-8519 
463 1 |0 172956  |t Неразрушающий контроль и диагностика  |d 2008  |p 418 с.  |9 172956  |a Клименов, В. А. (российский ученый, специалист в области неразрушающего контроля ; 1951-)  |o Труды Международной научно-технической конференции, Томск 2008 г.  |v [С. 358-360] 
610 1 |a лучевая терапия 
610 1 |a бетатроны 
610 1 |a электронные пучки 
610 1 |a излучения 
610 1 |a фотонное излучение 
610 1 |a облучение 
610 1 |a интраоперационное облучение 
610 1 |a онкология 
610 1 |a лечение 
610 1 |a труды учёных ТПУ 
610 1 |a электронный ресурс 
701 1 |a Чахлов  |b В. Л.  |c физик  |c заслуженный деятель науки и техники Российской Федерации  |c заслуженный профессор Томского политехнического университета, доктор технических наук  |f 1934-2011  |g Владимир Лукьянович  |3 (RuTPU)RU\TPU\pers\19882  |4 070 
701 1 |a Филимонов  |b А. А.  |c специалист в области неразрушающего контроля  |c старший научный сотрудник Томского политехнического университета, кандидат технических наук  |f 1938-  |g Анатолий Алексеевич  |3 (RuTPU)RU\TPU\pers\31190  |4 070 
701 1 |a Штейн  |b М. М.  |c физик  |c заведующий лабораторией Томского политехнического университета, кандидат технических наук  |f 1938-  |g Михаил Михайлович  |3 (RuTPU)RU\TPU\pers\31481 
701 1 |a Сорокин  |b В. Б.  |c российский физик  |c старший научный сотрудник Томского политехнического университета  |g Владимир Борисович  |3 (RuTPU)RU\TPU\pers\28148  |4 070 
701 1 |a Лисин  |b В. А.  |c российский физик  |c профессор Томского политехнического университета  |g Валерий Андреевич  |3 (RuTPU)RU\TPU\pers\28145  |4 070 
701 1 |a Мусабаева  |b Л. И. 
701 1 |a Жогина  |b Ж. А. 
801 1 |a RU  |b 63413507  |c 20090401  |g PSBO 
801 2 |a RU  |b 63413507  |c 20160113  |g RCR 
856 4 |u http://www.lib.tpu.ru/fulltext/v/Bulletin_TPU/2008/v312/i2app/70.pdf 
942 |c CF